| 000 | 01180nam\a2200289\a\4500 | ||
|---|---|---|---|
| 001 | 57744 | ||
| 005 | 20260405121736.0 | ||
| 008 | 260405s2014 enka b 001 0 eng | ||
| 020 |
_a9781409441922 _qhardback : alk. paper |
||
| 020 | _z9781409441939 (ebook) | ||
| 020 | _z9781472400727 (epub) | ||
| 040 |
_aDLC _beng _cDLC _dBD-DhIUB |
||
| 082 | 0 | 0 |
_a330.0151955 _223 _bB6467t |
| 100 | 1 | _aBleikh, Haim Y. | |
| 245 | 1 | 0 |
_aTime series analysis and adjustment : _bmeasuring, modelling and forecasting for business and economics / _cby Haim Y. Bleikh, Taub Center for Social Policy Studies in Israel and Warren L. Young, Bar Ilan University, Israel. |
| 260 |
_aLondon: _bRoutledge Taylor and francis group, _c2014 |
||
| 300 |
_axii,136 pages : _billustrations ; _c24 cm |
||
| 504 | _aIncludes bibliographical references and index. | ||
| 526 |
_aSBE _bfin _lREF |
||
| 541 | _aRisaam | ||
| 650 | 0 |
_aEconomics _xMathematical models. |
|
| 650 | 0 | _aTime-series analysis. | |
| 650 | 0 | _aEconomic forecasting. | |
| 700 | 1 |
_aYoung, Warren L., _d1949- |
|
| 942 |
_2ddc _cBK |
||
| 999 |
_c57744 _d57918 |
||